000 01032nam0a2200289 4500
001 RU\NLR\ONL2\29735
005 20250613225056.0
035 _a(NLR Aleph) 010216688
090 _a10301458
_c10301458
100 _a20140120d1955 |||y0rusy50 ca
101 0 _asah
102 _aRU
105 _ay |||||||||
200 1 _aТөгүрүк сыл
_e[хоһооннор
_eоҕолорго]
_fА. Абаҕыыныскай
210 _aЯкутскай
_cСаха сиринээҕи кинигэ изд-вота
_d1955
215 _a42,[1] с.
_d20
541 1 _6z01790
_aКруглый год
_e[стихи
_eдля детей]
_zrus
686 1 _aШ9(2)6=Я-5
700 1 _aАбаҕыынскай
_bA. Г.
_gАрхип Георгиевич
_4070
790 1 _6z01541
_aАбагинский
_bА. Г.
_gАрхип Георгиевич
_4070
801 0 _aRU
_bNLR
_c20140122
_gPSBO
852 _aNLR
_bОНЛ
_jЯкут./2-681
942 _cBOOK
980 _aNB
980 _aONL_RF